000 01180nam0a22002771 4500
001 rc\3490870
005 20130115141142.4
021 _aRU
_b[70-84227]
035 _a(NLR Aleph) 007648971
090 _a6207554
_c6207554
100 _a20130115d1970 |||y0rusy50 ca
101 0 _arus
102 _aRU
105 _ay z |||||
200 1 _aЛюминесцентно-серологический метод в диагностике тифопаратифозных заболеваний и выявлении бактерионосительства
_eМетод. письмо
_fМ-во здравоохранения УССР. Киевский науч.-исслед. ин-т инфекц. болезней
210 _aКиев
_cБ. и.
_d1970
215 _a14 с.
_d20
606 _aПаратифозные заболевания
_xДиагностика лабораторная
_2psbo
606 _aБрюшной тиф
_xДиагностика лабораторная
_2psbo
700 1 _aБабак
_bВ. И.
701 1 _aКозлова
_bС. А.
801 0 _aRU
_bNLR
_gpsbo
801 1 _aRU
_bELAR
_2rusmarc
852 _aNLR
_j70-4/11597
942 _cBOOK
980 _aNB